Online
Catalog

Album del centenario de la República Dominicana / (Record no. 44683)

MARC details
000 -CABECERA
campo de control de longitud fija 01057nam a2200265 a 4500
001 - NÚMERO DE CONTROL
campo de control 000045194
003 - IDENTIFICADOR DEL NÚMERO DE CONTROL
campo de control OSt
005 - FECHA Y HORA DE LA ÚLTIMA TRANSACCIÓN
campo de control 20201008112456.0
008 - DATOS DE LONGITUD FIJA--INFORMACIÓN GENERAL
campo de control de longitud fija 150209s195u dr ac r 000 0 spa d
040 ## - FUENTE DE LA CATALOGACIÓN
Centro catalogador/agencia de origen DO-SdBNP
Lengua de catalogación spa
Centro/agencia transcriptor BNPHU
082 #4 - NÚMERO DE LA CLASIFICACIÓN DECIMAL DEWEY
Número de clasificación 972.93
Número de documento/Ítem A345c
245 00 - MENCIÓN DE TÍTULO
Título Album del centenario de la República Dominicana /
Mención de responsabilidad, etc. director técnico: Antonio M. Monteagudo del Río ; director artístico: Antonio Escámez Gutiérrez.
260 ## - PUBLICACIÓN, DISTRIBUCIÓN, ETC.
Lugar de publicación, distribución, etc. La Habana, Cuba :
Nombre del editor, distribuidor, etc. Artes graficas,
Fecha de publicación, distribución, etc. [195-].
300 ## - DESCRIPCIÓN FÍSICA
Extensión 273 p. :
Otras características físicas il., retrs. ;
Dimensiones 36 cm.
490 1# - MENCIÓN DE SERIE
Mención de serie Abum de oro de America
590 ## - NOTA LOCAL (RLIN)
Nota local Inventariado, 2019/BT
651 #4 - PUNTO DE ACCESO ADICIONAL DE MATERIA--NOMBRE GEOGRÁFICO
Nombre geográfico República Dominicana
Subdivisión general Celebraciones de centenario, etc.
9 (RLIN) 76809
651 #4 - PUNTO DE ACCESO ADICIONAL DE MATERIA--NOMBRE GEOGRÁFICO
Nombre geográfico República Dominicana
Subdivisión general Historia
Subdivisión de forma Fotografías
9 (RLIN) 1035
651 #4 - PUNTO DE ACCESO ADICIONAL DE MATERIA--NOMBRE GEOGRÁFICO
Nombre geográfico República Dominicana
Subdivisión general Descripciones y viajes
-- Historia
9 (RLIN) 76810
700 1# - PUNTO DE ACCESO ADICIONAL--NOMBRE DE PERSONA
Nombre de persona Monteagudo del Río, Antonio M.
9 (RLIN) 76811
700 1# - PUNTO DE ACCESO ADICIONAL--NOMBRE DE PERSONA
Nombre de persona Escámez Gutiérrez., Antonio
9 (RLIN) 76812
830 #0 - PUNTO DE ACCESO ADICIONAL DE SERIE-TÍTULO UNIFORME
Título uniforme Album de oro de America
9 (RLIN) 73209
910 ## - DATOS DE OPCIÓN DEL USUARIO (OCLC)
Datos de opción del usuario Validado. Control de calidad MFF
942 ## - ELEMENTOS DE PUNTO DE ACCESO ADICIONAL (KOHA)
Fuente del sistema de clasificación o colocación Dewey Decimal Classification
Tipo de ítem Koha Libros y folletos
Holdings
Estado de retiro Estado de pérdida Fuente del sistema de clasificación o colocación Restricciones de uso No para préstamo Código de colección Localización permanente Ubicación/localización actual Ubicación en estantería Fecha de adquisición Número de inventario Total de préstamos Signatura topográfica completa Código de barras Fecha visto por última vez Precio válido a partir de Tipo de ítem Koha Número de copia
    Dewey Decimal Classification   Excluido de préstamo Raros y valiosos Patrimonio Dominicano Patrimonio Dominicano Depósito 09.02.2015 LF1   972.93 A345c 45194-10 25.06.2020 25.06.2020 No se presta  
    Dewey Decimal Classification   Excluido de préstamo Raros y valiosos Patrimonio Dominicano Patrimonio Dominicano Depósito 09.04.2015 LF1   972.93 A345c 45194-20 25.06.2020 25.06.2020 No se presta e.2

Powered by Koha